[Event "ROM-ch U10 Girls"]
[Site "Calimanesti Caciulata"]
[Date "2016.04.24"]
[Round "8"]
[White "Cojocaru Mlesnita, Nicoleta"]
[Black "Holic, Daria Alexandra"]
[Result "1-0"]
[WhiteElo "1017"]
[BlackElo "1001"]
[PlyCount "103"]
[EventDate "2016.04.18"]
[EventType "swiss"]
[EventRounds "9"]
[EventCountry "ROU"]
[SourceTitle "CBM 172 Extra"]
[Source "ChessBase"]
[SourceDate "2016.06.21"]
[SourceVersion "1"]
[SourceVersionDate "2016.06.21"]
[SourceQuality "1"]

1. e4 e5 2. Nc3 Nf6 3. Bc4 Bc5 4. Nge2 Nc6 5. 0-0 d6 6. d3 h6 7. Be3 Bd7 8. Qd2 Qc8 9. Ng3 Bh3 10. Bxc5 dxc5 11. f4 h5 12. f5 Bg4 13. Nge2 h4 14. h3 Bh5 15. Nd5 Rg8 16. c3 Nd7 17. b4 g6 18. fxg6 Rxg6 19. Nxc7+ Qxc7 20. Bxf7+ Ke7 21. Bxg6 Bxg6 22. bxc5 Rd8 23. Qg5+ Nf6 24. Qxf6+ Kd7 25. Qxg6 Kc8 26. Qg4+ Rd7 27. Rf8+ Nd8 28. Raf1 b6 29. R1f7 Qxc5+ 30. d4 Qc7 31. Rxd7 Qxd7 32. Qxd7+ Kxd7 33. dxe5 Ne6 34. Rf7+ Kc6 35. Rxa7 b5 36. Ra6+ Kd7 37. Rb6 Nc7 38. Nf4 Ke8 39. e6 Ke7 40. Nd5+ Kf8 41. e7+ Kf7 42. Nxc7 Kxe7 43. Rxb5 Kd7 44. e5 Kxc7 45. e6 Kd8 46. Re5 Ke7 47. a4 Ke8 48. e7 Kd7 49. e8Q+ Kd6 50. Qe6+ Kc7 51. Rc5+ Kd8 52. Rc8# 1-0

[Event "ROM-ch U10 Girls"]
[Site "Calimanesti Caciulata"]
[Date "2016.04.19"]
[Round "2"]
[White "Costea, Ana Maria Teodora"]
[Black "Holic, Daria Alexandra"]
[Result "0-1"]
[WhiteElo "1013"]
[BlackElo "1001"]
[PlyCount "58"]
[EventDate "2016.04.18"]
[EventType "swiss"]
[EventRounds "9"]
[EventCountry "ROU"]
[SourceTitle "CBM 172 Extra"]
[Source "ChessBase"]
[SourceDate "2016.06.21"]
[SourceVersion "1"]
[SourceVersionDate "2016.06.21"]
[SourceQuality "1"]

1. e4 e5 2. Nf3 Nc6 3. Bb5 Bd6 4. d3 Nf6 5. Bg5 h6 6. Bh4 g5 7. Bg3 a6 8. Bxc6 dxc6 9. h3 Rg8 10. d4 Nxe4 11. dxe5 Bb4+ 12. Nc3 Qe7 13. 0-0 Nxc3 14. bxc3 Bc5 15. Qe2 g4 16. hxg4 Rxg4 17. Nh2 Rxg3 18. Kh1 Rxg2 19. Kxg2 Qg5+ 20. Kh1 Bh3 21. Rg1 Qf4 22. Nf3 f5 23. Rg3 Bg4 24. Kg1 0-0-0 25. e6 Qxg3+ 26. Kh1 Bxf3+ 27. Qxf3 Qxf3+ 28. Kh2 Rg8 29. Rg1 Qh5# 0-1